Scottish Civic Trust (Record no. 120693)

MARC details
000 -LEADER
fixed length control field 00812cai a22001815a 4500
001 - CONTROL NUMBER
control field E144776
008 - FIXED-LENGTH DATA ELEMENTS--GENERAL INFORMATION
fixed length control field 080811u xxk g 000 0 eng d
035 ## - SYSTEM CONTROL NUMBER
System control number (Sirsi) u144776
041 0# - LANGUAGE CODE
Language code of text/sound track or separate title eng
110 2# - MAIN ENTRY--CORPORATE NAME
Corporate name or jurisdiction name as entry element Scottish Civic Trust
9 (RLIN) 2679
245 00 - TITLE STATEMENT
Title Scottish Civic Trust
Medium [electronic resource]
520 ## - SUMMARY, ETC.
Summary, etc. Website of the Scottish Civic Trust, which aims to protect and promote understanding of the built environment. Includes current and archived publications, a history of the Trust, and case studies of success stories.
590 ## - LOCAL NOTE (RLIN)
Local note KA
651 #4 - SUBJECT ADDED ENTRY--GEOGRAPHIC NAME
Geographic name Scotland
Chronological subdivision 1999-
690 ## - LOCAL SUBJECT ADDED ENTRY--TOPICAL TERM (OCLC, RLIN)
Topical term or geographic name as entry element BUILT ENVIRONMENT-BUILDING TYPES-ANCIENT MONUMENTS AND HISTORIC BUILDINGS
856 40 - ELECTRONIC LOCATION AND ACCESS
Uniform Resource Identifier <a href="https://www.scottishcivictrust.org.uk/sct/Default.aspx">https://www.scottishcivictrust.org.uk/sct/Default.aspx</a>
Public note View the website free of charge at www.scottishcivictrust.org.uk...
942 ## - ADDED ENTRY ELEMENTS (KOHA)
Suppress in OPAC 0
Holdings
Withdrawn status Lost status Source of classification or shelving scheme Damaged status Not for loan Home library Current library Shelving location Date acquired Total Checkouts Full call number Barcode Date last seen Copy number Price effective from Koha item type
    Dewey Decimal Classification     Virtual Virtual Online 11/08/2008   WEBSITE 144776-2001 06/08/2019 1 06/08/2019 Online material